000 01183nam0a22002891 4500
001 rc\2156014
005 20250623013744.0
035 _a(NLR Aleph) 006513236
090 _a6352419
_c6352419
100 _a20110829d1979 |||y0rusy50 ca
101 1 _arus
_ceng
102 _aRU
105 _aa z |||||
200 1 _aВыявление и лечение ксерофтальмии
_eПракт. руководство
_e[Пер. с англ.]
210 _aМосква
_cМедицина
_d1979
215 _a47 с., 4 л. ил.
_cил.
_d24
300 _aВ надзаг.: ВОЗ
311 _aПеревод изд.: Field guide to the detection and control of xerophthalmia / Alfred Sommer (Geneva, 1978)
320 _aБиблиогр.: с. 47 (7 назв.)
454 0 _12001#$aField guide to the detection and control of xerophthalmia$fAlfred Sommer
_1210##$aGeneva$d1978
_1700#1$aSommer$bA.$gAlfred
_tField guide to the detection and control of xerophthalmia
_aSommer, Alfred
606 _aКсероз
_2psbo
700 1 _aСоммер
_bА.
_gАльфред
801 0 _aRU
_bNLR
_gpsbo
801 1 _aRU
_bELAR
_2rusmarc
852 _aNLR
_j80-7/290
942 _cBOOK
980 _aNB